| 000 | 00513pab a2200181 454500 | ||
|---|---|---|---|
| 008 | 180718b1996 xxu||||| |||| 00| 0 eng d | ||
| 100 | _aRogaly, Ben | ||
| 245 | _aAgricultural growth and the structure of `casual' labour-hiring in rural West Bengal | ||
| 260 | _c1996 | ||
| 300 | _ap.141-65 | ||
| 362 | _aJul | ||
| 650 | _aLabour - India - West Bengal | ||
| 650 | _aAgriculture - India - West Bengal | ||
| 650 | _aAgriculture | ||
| 650 | _aLabour | ||
| 773 | _aJournal of Peasant Studies | ||
| 909 | _a32193 | ||
| 999 |
_c32193 _d32193 |
||